| 000 | 00660nam a22002177a 4500 | ||
|---|---|---|---|
| 999 |
_c915 _d915 |
||
| 003 | AR-CdUCM | ||
| 008 | 190225b ||||| |||| 00| 0 spa d | ||
| 020 | _a848280118X | ||
| 040 |
_aMUNICIPALIDAD PROVINCIAL DEL CUSCO _cBIBLIOTECA MUNICIPAL DEL CUSCO |
||
| 082 |
_a818.46 / _bJ19 |
||
| 100 |
_aJames, Henry _91127 |
||
| 245 | _aLos europeos / | ||
| 260 |
_aBogotá: _bOveja Negra, _c1984. |
||
| 300 |
_a180 páginas ; _c18 cm. |
||
| 440 |
_aHistoria universal de la literatura. _n18 _93517 |
||
| 650 |
_aNovelas estadounidenses _9734 |
||
| 650 |
_aNovelas siglo XIX _9853 |
||
| 650 |
_aTraducciones al español _91053 |
||
| 942 |
_2ddc _cLIBROS |
||
| 945 | _azta | ||